Países começados por N - Statistics

Estatísticas Gerais
  • Esse quiz foi jogado 69 vezes
  • A pontuação média é 6 de 8
Estatísticas das Respostas
Resposta % Correto
Noruega
86%
Nepal
79%
Nicarágua
79%
Níger
78%
Nigéria
76%
Namíbia
74%
Nauru
74%
Nova Zelândia
67%
Nenhum quiz correspondente encontrado
Distribuição das Pontuações
Porcentagem de Pessoas com Cada Pontuação
Percentil de Números Respondidos
Sua Pontuação Histórica
Você não jogou esse quiz